| 000 | 00362nam a2200145 4500 | ||
|---|---|---|---|
| 999 |
_c9474 _d9474 |
||
| 003 | OSt | ||
| 005 | 20210624163233.0 | ||
| 008 | 210624b ||||| |||| 00| 0 eng d | ||
| 020 | _a9780812236477 | ||
| 082 |
_a748 _bCUM |
||
| 100 | _acummings keith | ||
| 245 | _aA History of Glassforming | ||
| 260 |
_aLondon _bUniversity of Pennsylvania press _c2002 |
||
| 942 | _2ddc | ||